000
00248nam a22001217a 4500
003
SGT
082
_a
657.042
_b
BHA
100
_a
BHATTACHARYA,K.A
245
_a
ESSENTIALS OF FINANCIAL ACCOUNTING
250
_a
3RD
260
_a
PHI
942
_2
ddc
_c
CD
999
_c
24319
_d
24319